00357nam a2200109Ia 4500008004100000082000800041100001700049245006000066942000600126952010000132999001500232240331s9999 xx 000 0 und d bRAG aRagupathy, P 0aEarly settlements in Jaffna :ban archaeological survey cL 001040708LaWERCLbWERCLcSSCd2024-03-31l0o 930.09543 RAGp646r2024-03-31w2024-03-31yL c3542d3542